000 00533nam a22001937a 4500
003 OSt
005 20140310182334.0
008 130316t xxu||||| |||| 00| 0 eng d
020 _a0246118245
050 _aQH 541.5
_b.Se35 1983
082 _aGS 574.5
_bH396 1983
100 _aHenry, T.E.
_921526
245 _aSeashore /
_cT.E. Henry
260 _aLondon :
_bGranada,
_c1983.
300 _a64 p. :
_bcol. ill. ;
_c18 cm.
650 _aSeashore ecology
_xChildren's literature.
_921527
942 _2lcc
_cBK-GS
999 _c12045
_d12045